Orientation to college learning / (Record no. 527919)

000 -LEADER
fixed length control field 01114cam a2200337 a 4500
001 - CONTROL NUMBER
control field 14445926
003 - CONTROL NUMBER IDENTIFIER
control field NUST
005 - DATE AND TIME OF LATEST TRANSACTION
control field 20190822073601.0
008 - FIXED-LENGTH DATA ELEMENTS--GENERAL INFORMATION
fixed length control field 060711s2007 maua b 001 0 eng d
010 ## - LIBRARY OF CONGRESS CONTROL NUMBER
LC control number 2005911183
020 ## - INTERNATIONAL STANDARD BOOK NUMBER
International Standard Book Number 1413018521 (pbk.)
035 ## - SYSTEM CONTROL NUMBER
System control number (OCoLC)ocm66275389
038 ## - RECORD CONTENT LICENSOR
Staff Name waseem
040 ## - CATALOGING SOURCE
Original cataloging agency OUN
Transcribing agency OUN
Modifying agency BAKER
-- DLC
042 ## - AUTHENTICATION CODE
Authentication code lccopycat
050 00 - LIBRARY OF CONGRESS CALL NUMBER
Classification number LB2343.3
Item number .V36 2007
082 ## - DEWEY DECIMAL CLASSIFICATION NUMBER
Classification number 378.198
Author Mark BLE
100 1# - MAIN ENTRY--PERSONAL NAME
Personal name Van Blerkom, Dianna L.
9 (RLIN) 19422
245 10 - TITLE STATEMENT
Title Orientation to college learning /
Statement of responsibility, etc. Dianna L. Van Blerkom.
250 ## - EDITION STATEMENT
Edition statement 5th ed.
260 ## - PUBLICATION, DISTRIBUTION, ETC.
Place of publication, distribution, etc. Boston :
Name of publisher, distributor, etc. Wadsworth/Thomson,
Date of publication, distribution, etc. c2007.
300 ## - PHYSICAL DESCRIPTION
Extent xxxiii, 18, 357 p. :
Other physical details ill. (some col.) ;
Dimensions 24 cm.
504 ## - BIBLIOGRAPHY, ETC. NOTE
Bibliography, etc. note Includes bibliographical references and index.
650 #0 - SUBJECT ADDED ENTRY--TOPICAL TERM
Topical term or geographic name entry element College student orientation.
9 (RLIN) 19423
650 #0 - SUBJECT ADDED ENTRY--TOPICAL TERM
Topical term or geographic name entry element Study skills.
9 (RLIN) 11413
650 #0 - SUBJECT ADDED ENTRY--TOPICAL TERM
Topical term or geographic name entry element Note-taking.
9 (RLIN) 19424
650 #0 - SUBJECT ADDED ENTRY--TOPICAL TERM
Topical term or geographic name entry element College students
General subdivision Time management.
9 (RLIN) 19425
906 ## - LOCAL DATA ELEMENT F, LDF (RLIN)
a 7
b cbc
c copycat
d 2
e ncip
f 20
g y-gencatlg
942 ## - ADDED ENTRY ELEMENTS (KOHA)
Source of classification or shelving scheme
Koha item type Book
Holdings
Withdrawn status Lost status Source of classification or shelving scheme Damaged status Not for loan Permanent Location Current Location Date acquired Total Checkouts Full call number Barcode Date last seen Price effective from Koha item type
          Central Library (CL) Central Library (CL) 08/22/2019   378.198 BLE CL-D-514 08/22/2019 08/22/2019 Book
© 2023 Central Library, National University of Sciences and Technology. All Rights Reserved.